Cartilla agrícola para la enseñanza de la agricultura en las escuelas de las provincias de Madrid, Guadalajara, Toledo y Cuenca / (Record no. 114571)

MARC details
000 -LEADER
campo de control de longitud fija 00697nam a22001931 4500
001 - NÚMERO DE CONTROL
campo de control 114571
003 - IDENTIFICADOR DE NÚMERO DE CONTROL
campo de control ES-MaACL
005 - FECHA Y HORA DE LA ÚLTIMA TRANSACCIÓN
campo de control 20230906190206.0
007 - CAMPO FIJO DE DESCRIPCIÓN FÍSICA--INFORMACIÓN GENERAL
campo de control de longitud fija t|
008 - DATOS DE LONGITUD FIJA--INFORMACIÓN GENERAL
campo de control de longitud fija 070309s1905 sp ||||0| spa d
016 7# - NÚMERO DE CONTROL DE UNA AGENCIA BIBLIOGRÁFICA NACIONAL
Número de control cancelado/no válido IND9600735202
040 ## - FUENTE DE CATALOGACIÓN
Centro catalogador/agencia de origen M-BN
Lengua de catalogación spa
Centro/agencia transcriptor CDM
100 1# - ENTRADA PRINCIPAL--NOMBRE DE PERSONA
Nombre de persona Quintanilla y Fábregas, Guillermo.
9 (RLIN) 170374
245 10 - MENCIÓN DEL TÍTULO
Título Cartilla agrícola para la enseñanza de la agricultura en las escuelas de las provincias de Madrid, Guadalajara, Toledo y Cuenca /
Mención de responsabilidad, etc. Guillermo Quintanilla y José Vicente-Arche.
260 ## - PUBLICACIÓN, DISTRIBUCIÓN, ETC.
Lugar de publicación, distribución, etc. Madrid :
Nombre del editor, distribuidor, etc. Hijos de M.G. Hernández,
Fecha de publicación, distribución, etc. 1905.
300 ## - DESCRIPCIÓN FÍSICA
Extensión 94 p. :
Otras características físicas il. ;
Dimensiones 19 cm.
700 1# - ENTRADA AGREGADA--NOMBRE PERSONAL
Nombre de persona Arche, José Vicente.
9 (RLIN) 125692
852 ## - LOCALIZACIÓN
Ubicación ES-MaACL
Número de control de estantería T-1248-F-2
Holdings
Estatus retirado Estado de pérdida Estado de daño No para préstamo Colección Biblioteca de origen Biblioteca actual Ubicación en estantería Fecha de adquisición Fuente de adquisición Total de préstamos Signatura topográfica completa Código de barras Visto por última vez Precio de reemplazo Tipo de ítem Koha
        Colección de folletos Biblioteca del Ateneo de Madrid Biblioteca del Ateneo de Madrid Depósito folletos 17/01/2008     T-1248-F-2 1119480 23/02/2023 23/02/2023 Folleto